[Event "Biel MTO op 43rd"]
[Site "Biel"]
[Date "2010.07.23"]
[Round "5"]
[White "Lehmann, Marco"]
[Black "Cebalo, Miso"]
[Result "1/2-1/2"]
[WhiteElo "2302"]
[BlackElo "2500"]
[PlyCount "86"]
[EventDate "2010.07.19"]
[EventType "swiss"]
[EventRounds "11"]
[EventCountry "SUI"]
[SourceTitle "CBM 137 Extra"]
[Source "ChessBase"]
[SourceDate "2010.09.01"]
[SourceVersion "1"]
[SourceVersionDate "2010.09.01"]
[SourceQuality "1"]

1. e4 c5 2. Nf3 d6 3. d4 cxd4 4. Nxd4 Nf6 5. Nc3 g6 6. f4 Nc6 7. Nxc6 bxc6 8. e5 Nd7 9. exd6 exd6 10. Be3 Be7 11. Be2 0-0 12. 0-0 Nf6 13. Qd2 Re8 14. Bf3 d5 15. Bd4 Bf8 16. Rfe1 Be6 17. Rad1 Bg7 18. Na4 Qd6 19. Be5 Qf8 20. Qd4 Nd7 21. Bxg7 Qxg7 22. Qxg7+ Kxg7 23. c4 Nf6 24. Nc3 Rab8 25. cxd5 cxd5 26. Nxd5 Rxb2 27. Nc7 Re7 28. Nxe6+ Rxe6 29. Rxe6 fxe6 30. Re1 Kf7 31. Re2 Rb4 32. Rc2 Ra4 33. g3 Nd5 34. Bd1 Rd4 35. Be2 Kf6 36. Bb5 h6 37. h4 a6 38. Be2 Nb4 39. Rc4 Rd2 40. Rxb4 Rxe2 41. Ra4 Kf5 42. Kf1 Rc2 43. Rxa6 Rc3 1/2-1/2

[Event "Biel MTO op 43rd"]
[Site "Biel"]
[Date "2010.07.20"]
[Round "2"]
[White "Feller, Sebastien"]
[Black "Lehmann, Marco"]
[Result "1-0"]
[WhiteElo "2611"]
[BlackElo "2302"]
[PlyCount "99"]
[EventDate "2010.07.19"]
[EventType "swiss"]
[EventRounds "11"]
[EventCountry "SUI"]
[SourceTitle "CBM 137 Extra"]
[Source "ChessBase"]
[SourceDate "2010.09.01"]
[SourceVersion "1"]
[SourceVersionDate "2010.09.01"]
[SourceQuality "1"]

1. d4 Nf6 2. c4 g6 3. Nc3 Bg7 4. e4 d6 5. Nf3 0-0 6. Be2 e5 7. 0-0 Na6 8. Rb1 c6 9. Re1 exd4 10. Nxd4 Re8 11. f3 d5 12. cxd5 cxd5 13. Bb5 Bd7 14. e5 Nc7 15. exf6 Rxe1+ 16. Qxe1 Bxf6 17. Be3 Bxd4 18. Bxd4 Bxb5 19. Qe5 f6 20. Qe3 Qd6 21. Bxa7 Bc6 22. Bc5 Qe6 23. Qf4 Qf7 24. Bd4 Ne6 25. Qxf6 Qxf6 26. Bxf6 Kf7 27. Be5 d4 28. Ne2 Bb5 29. Nxd4 Nxd4 30. Bxd4 Rxa2 31. Bc3 Ra6 32. Rd1 Re6 33. Rd5 Bc6 34. Rd2 g5 35. Kf2 h5 36. Rd4 Rg6 37. h3 g4 38. Rf4+ Kg8 39. fxg4 hxg4 40. hxg4 Re6 41. g5 Re4 42. Rf6 Rg4 43. Rg6+ Kf7 44. Rg7+ Ke6 45. g3 Kf5 46. Bd2 Rd4 47. Rf7+ Kg4 48. Bf4 Be4 49. Rf6 Rd7 50. g6 1-0

[Event "Lenk op 21st"]
[Site "Lenk"]
[Date "2009.04.13"]
[Round "7"]
[White "Rindlisbacher, Lars"]
[Black "Lehmann, Marco"]
[Result "0-1"]
[WhiteElo "1965"]
[BlackElo "2263"]
[PlyCount "56"]
[EventDate "2009.04.09"]
[EventType "swiss"]
[EventRounds "7"]
[EventCountry "SUI"]
[SourceTitle "CBM 130 Extra"]
[Source "ChessBase"]
[SourceDate "2009.07.02"]
[SourceVersion "2"]
[SourceVersionDate "2009.07.15"]
[SourceQuality "1"]

1. e4 c5 2. Nf3 Nc6 3. Nc3 Nf6 4. e5 Ng4 5. Qe2 g6 6. h3 Nh6 7. g4 Bg7 8. Bg2 0-0 9. d3 d6 10. Be3 f5 11. Qd2 Nf7 12. exd6 exd6 13. 0-0-0 Rb8 14. h4 Qa5 15. Ng5 Nb4 16. Kb1 f4 17. Bxf4 Nxg5 18. hxg5 Bxc3 19. Qxc3 Qxa2+ 20. Kc1 Rxf4 21. Rxh7 Qa1+ 22. Kd2 Qxd1+ 23. Kxd1 Kxh7 24. Qe1 Rf7 25. c3 Bxg4+ 26. f3 Nxd3 27. Qg3 Bf5 28. Qxd6 Re8 0-1

[Event "Winterthur YM 8th"]
[Site "Winterthur"]
[Date "2008.10.06"]
[Round "4"]
[White "Lehmann, Marco"]
[Black "Rombaldoni, Axel"]
[Result "1/2-1/2"]
[WhiteElo "2301"]
[BlackElo "2334"]
[PlyCount "59"]
[EventDate "2008.10.03"]
[EventType "tourn"]
[EventRounds "9"]
[EventCountry "SUI"]
[EventCategory "4"]
[SourceTitle "CBM 126 Extra"]
[Source "ChessBase"]
[SourceDate "2008.11.05"]
[SourceVersion "1"]
[SourceVersionDate "2008.11.05"]
[SourceQuality "1"]

1. e4 c5 2. Nf3 e6 3. d4 cxd4 4. Nxd4 Nf6 5. Nc3 d6 6. Bd3 Nc6 7. Nxc6 bxc6 8. 0-0 Be7 9. Kh1 0-0 10. f4 e5 11. Qe1 exf4 12. Bxf4 Ng4 13. e5 dxe5 14. Bxe5 Nxe5 15. Qxe5 Bf6 16. Qe4 g6 17. Rad1 Bxc3 18. bxc3 Qa5 19. Bc4 Bf5 20. Qxc6 Rac8 21. Qd5 Qxc3 22. Bb3 Rc7 23. Qd2 Qc5 24. Qg5 Bxc2 25. Qxc5 Rxc5 26. Rc1 Bd3 27. Rxc5 Bxf1 28. Kg1 Bd3 29. Rc7 a6 30. Kf2 1/2-1/2

[Event "Lenk op 20th"]
[Site "Lenk"]
[Date "2008.03.23"]
[Round "5"]
[White "Lehmann, Marco"]
[Black "Benkovic, Petar"]
[Result "1-0"]
[WhiteElo "2291"]
[BlackElo "2448"]
[PlyCount "123"]
[EventDate "2008.03.20"]
[EventType "swiss"]
[EventRounds "7"]
[EventCountry "SUI"]
[SourceTitle "CBM 123 Extra"]
[Source "ChessBase"]
[SourceDate "2008.05.06"]
[SourceVersion "1"]
[SourceVersionDate "2008.05.06"]
[SourceQuality "1"]

1. e4 d5 2. exd5 Qxd5 3. Nc3 Qd6 4. d4 c6 5. Nf3 Bg4 6. Bc4 Nf6 7. Be3 e6 8. h3 Bxf3 9. Qxf3 Nbd7 10. 0-0 Be7 11. a3 0-0 12. Rad1 Qc7 13. Bg5 Rfe8 14. Rfe1 Rad8 15. Bb3 Nf8 16. Bf4 Bd6 17. Bg5 Be7 18. Bf4 Qc8 19. Ne4 Nxe4 20. Qxe4 Ng6 21. c3 a6 22. Bg3 Bd6 23. Rd3 Qc7 24. Bxd6 Qxd6 25. Rf3 Qe7 26. Qg4 Qh4 27. Qxh4 Nxh4 28. Rfe3 Nf5 29. Re5 Nd6 30. g4 Kf8 31. f4 Rd7 32. a4 Red8 33. Rc5 Ne8 34. f5 exf5 35. Rxf5 Nd6 36. Rh5 Kg8 37. a5 Re8 38. Rhe5 Kf8 39. Rxe8+ Nxe8 40. Kf2 Nf6 41. Bc2 Rd5 42. b4 h5 43. Bf5 Rd8 44. gxh5 Nxh5 45. Ke3 Nf6 46. Kd3 g6 47. Bg4 Nd5 48. Kc4 f5 49. Bf3 Kf7 50. h4 Kf6 51. Re5 Nf4 52. Re3 Rh8 53. Kc5 Rh5 54. Kb6 Rh7 55. c4 g5 56. b5 Ne6 57. d5 cxd5 58. Bxd5 Nd8 59. bxa6 bxa6 60. Kxa6 f4 61. Re8 Rd7 62. Kb6 1-0

[Event "Lenk op 20th"]
[Site "Lenk"]
[Date "2008.03.22"]
[Round "4"]
[White "Nuri, Kambez"]
[Black "Lehmann, Marco"]
[Result "0-1"]
[WhiteElo "2125"]
[BlackElo "2291"]
[PlyCount "56"]
[EventDate "2008.03.20"]
[EventType "swiss"]
[EventRounds "7"]
[EventCountry "SUI"]
[SourceTitle "CBM 123 Extra"]
[Source "ChessBase"]
[SourceDate "2008.05.06"]
[SourceVersion "1"]
[SourceVersionDate "2008.05.06"]
[SourceQuality "1"]

1. e4 c5 2. Nf3 Nc6 3. d4 cxd4 4. Nxd4 Nf6 5. Nc3 e5 6. Ndb5 d6 7. Bg5 a6 8. Na3 b5 9. Nd5 Qa5+ 10. Bd2 Qd8 11. Bg5 Be7 12. Bxf6 Bxf6 13. c3 Bb7 14. Nc2 0-0 15. Nce3 Nb8 16. a4 bxa4 17. Rxa4 Nd7 18. b4 Bg5 19. Nf5 Bxd5 20. exd5 Qc7 21. Ra3 a5 22. Qg4 Bf6 23. Bd3 e4 24. Bxe4 Bxc3+ 25. Kd1 g6 26. Ne7+ Kh8 27. Qh3 axb4 28. Bxg6 Nf6 0-1

[Event "EU-ch U16 17th"]
[Site "Sibenik"]
[Date "2007.09.18"]
[Round "5"]
[White "Lehmann, Marco"]
[Black "Recuero Guerra, David"]
[Result "1-0"]
[WhiteElo "2279"]
[BlackElo "2378"]
[PlyCount "63"]
[EventDate "2007.09.14"]
[EventType "swiss"]
[EventRounds "9"]
[EventCountry "CRO"]
[SourceTitle "CBM 120 Extra"]
[Source "ChessBase"]
[SourceDate "2007.11.01"]
[SourceVersion "1"]
[SourceVersionDate "2007.11.01"]
[SourceQuality "1"]

1. e4 e6 2. d4 d5 3. Nc3 Bb4 4. e5 Ne7 5. a3 Bxc3+ 6. bxc3 b6 7. a4 Nbc6 8. Qg4 Ng6 9. Bd3 a5 10. h4 h5 11. Qe2 Nce7 12. Nf3 Nf5 13. g3 Nge7 14. 0-0 Bb7 15. Ba3 Qc8 16. Bb5+ Bc6 17. c4 dxc4 18. Bxc6+ Nxc6 19. Qxc4 Qd7 20. Rfd1 0-0-0 21. c3 Kb7 22. Rab1 Ka7 23. Qe2 Nce7 24. Rb5 Nc6 25. Qe4 Rb8 26. c4 Nd8 27. Rdb1 Ne7 28. d5 Nc8 29. Nd4 exd5 30. Rxd5 Qg4 31. Qxg4 hxg4 32. Rxd8 1-0

[Event "EU-ch U16 17th"]
[Site "Sibenik"]
[Date "2007.09.16"]
[Round "3"]
[White "Kanmazalp, Ogulcan"]
[Black "Lehmann, Marco"]
[Result "0-1"]
[WhiteElo "2093"]
[BlackElo "2279"]
[PlyCount "78"]
[EventDate "2007.09.14"]
[EventType "swiss"]
[EventRounds "9"]
[EventCountry "CRO"]
[SourceTitle "CBM 120 Extra"]
[Source "ChessBase"]
[SourceDate "2007.11.01"]
[SourceVersion "1"]
[SourceVersionDate "2007.11.01"]
[SourceQuality "1"]

1. e4 e5 2. Nf3 Nc6 3. d4 exd4 4. Nxd4 Nf6 5. Nxc6 bxc6 6. Nd2 d5 7. exd5 cxd5 8. Bb5+ Bd7 9. Bxd7+ Qxd7 10. 0-0 Be7 11. c4 0-0 12. cxd5 Rfd8 13. Qf3 Nxd5 14. Ne4 Rab8 15. b3 f5 16. Nc3 Nxc3 17. Qxc3 Bf6 18. Qc4+ Qd5 19. Qxd5+ Rxd5 20. Rb1 Ra5 21. Bf4 Rxa2 22. Bxc7 Rc8 23. Bf4 g5 24. Rbc1 Rxc1 25. Bxc1 a6 26. g3 Kf7 27. Be3 Rc2 28. Rc1 Rxc1+ 29. Bxc1 Ke6 30. Kf1 g4 31. Ke2 Kd5 32. Be3 Ke4 33. Bb6 Bg5 34. Ba7 f4 35. Bc5 f3+ 36. Kd1 Kd3 37. b4 Bd2 38. Bd6 Bc3 39. Be7 Kc4 0-1

[Event "EU-ch U16 17th"]
[Site "Sibenik"]
[Date "2007.09.15"]
[Round "2"]
[White "Lehmann, Marco"]
[Black "Durarbayli, Vasif"]
[Result "0-1"]
[WhiteElo "2279"]
[BlackElo "2416"]
[PlyCount "104"]
[EventDate "2007.09.14"]
[EventType "swiss"]
[EventRounds "9"]
[EventCountry "CRO"]
[SourceTitle "CBM 120 Extra"]
[Source "ChessBase"]
[SourceDate "2007.11.01"]
[SourceVersion "1"]
[SourceVersionDate "2007.11.01"]
[SourceQuality "1"]

1. d4 Nf6 2. Nf3 e6 3. c4 b6 4. g3 Bb7 5. Bg2 Bb4+ 6. Bd2 a5 7. 0-0 0-0 8. Bf4 Be7 9. Nc3 Ne4 10. Qc2 Nxc3 11. Qxc3 d6 12. Rad1 Nd7 13. Ne1 Bxg2 14. Nxg2 Bf6 15. Qc2 Qe7 16. Rfe1 Rfe8 17. Bc1 Rad8 18. Nf4 g6 19. b3 Qf8 20. Bb2 Qg7 21. Ba1 Nb8 22. Qe4 Bg5 23. Qb7 Rd7 24. Qg2 Bf6 25. e4 c5 26. d5 Bxa1 27. Rxa1 e5 28. Nd3 f5 29. a3 Rde7 30. b4 fxe4 31. Qxe4 Nd7 32. bxa5 bxa5 33. Rab1 Nf6 34. Qe2 g5 35. Rb6 e4 36. Nb2 e3 37. fxe3 Ne4 38. Nd1 Rf7 39. Rf1 Rxf1+ 40. Kxf1 Rf8+ 41. Kg2 Qf6 42. Rb2 Qf5 43. Rb7 g4 44. Re7 h5 45. a4 Rf6 46. Re8+ Kf7 47. Ra8 Qf3+ 48. Qxf3 gxf3+ 49. Kh3 f2 50. Nxf2 Rxf2 51. Rxa5 Ng5+ 52. Kh4 Kg6 0-1

[Event "World ol U16 06th"]
[Site "Singapore"]
[Date "2007.08.07"]
[Round "5"]
[White "Lehmann, Marco"]
[Black "Chan, Wei Xuan Timothy"]
[Result "0-1"]
[WhiteElo "2279"]
[BlackElo "2245"]
[PlyCount "82"]
[EventDate "2007.08.05"]
[EventType "team-swiss"]
[EventRounds "10"]
[EventCountry "SIN"]
[SourceTitle "EXT 2008"]
[Source "ChessBase"]
[SourceDate "2007.11.25"]
[SourceVersion "1"]
[SourceVersionDate "2007.11.25"]
[SourceQuality "1"]

1. e4 e5 2. Nf3 Nc6 3. Bb5 a6 4. Ba4 Nf6 5. 0-0 b5 6. Bb3 Bb7 7. d3 Bc5 8. Nc3 h6 9. a4 b4 10. Nd5 d6 11. a5 0-0 12. Nxf6+ Qxf6 13. Be3 Rad8 14. Bd5 Rb8 15. c3 bxc3 16. bxc3 Ne7 17. Bxb7 Rxb7 18. d4 exd4 19. cxd4 Bb4 20. Qd3 Rb5 21. d5 Re8 22. Nd4 Rxa5 23. Rxa5 Bxa5 24. Qxa6 Bb6 25. Qa4 Kf8 26. Nb5 Nxd5 27. exd5 Rxe3 28. Nxc7 Qxf2+ 29. Kxf2 Ra3+ 30. Ke2 Rxa4 31. Ne6+ Kg8 32. Nf4 Ra2+ 33. Kf3 g5 34. Nh5 Kh7 35. g4 Kg6 36. Rb1 Bd4 37. Ke4 Be5 38. h3 f5+ 39. Kf3 Rh2 40. Rb8 Rxh3+ 41. Kg2 fxg4 0-1

[Event "SUI-ch op"]
[Site "Leukerbad"]
[Date "2007.07.18"]
[Round "7"]
[White "Cherniaev, Alexander"]
[Black "Lehmann, Marco"]
[Result "1-0"]
[WhiteElo "2501"]
[BlackElo "2279"]
[PlyCount "59"]
[EventDate "2007.07.12"]
[EventType "swiss"]
[EventRounds "9"]
[EventCountry "SUI"]
[SourceTitle "CBM 119 Extra"]
[Source "ChessBase"]
[SourceDate "2007.09.04"]
[SourceVersion "1"]
[SourceVersionDate "2007.09.04"]
[SourceQuality "1"]

1. e4 c5 2. Nf3 Nc6 3. d4 cxd4 4. Nxd4 Nf6 5. Nc3 e5 6. Ndb5 d6 7. Nd5 Nxd5 8. exd5 Nb8 9. a4 a6 10. Na3 Be7 11. Nc4 0-0 12. a5 Nd7 13. Be2 f5 14. 0-0 Kh8 15. f4 exf4 16. Bxf4 Nc5 17. Kh1 Ne4 18. Bd3 Qc7 19. Nb6 Rb8 20. c4 Bf6 21. Bxe4 fxe4 22. Rb1 Re8 23. b4 e3 24. Qe2 Bf5 25. Bxd6 Qxd6 26. Rxf5 Be5 27. Rbf1 Bxh2 28. c5 Qg3 29. R5f3 Qe5 30. Nc4 1-0

[Event "Zuerich op-A 30th"]
[Site "Zuerich"]
[Date "2006.12.29"]
[Round "5"]
[White "Lehmann, Marco"]
[Black "Zozulia, Anna"]
[Result "1-0"]
[WhiteElo "2219"]
[BlackElo "2363"]
[PlyCount "67"]
[EventDate "2006.12.26"]
[EventType "swiss"]
[EventRounds "7"]
[EventCountry "SUI"]
[SourceTitle "CBM 116 Extra"]
[Source "ChessBase"]
[SourceDate "2007.03.07"]
[SourceVersion "1"]
[SourceVersionDate "2007.03.07"]
[SourceQuality "1"]

1. e4 g6 2. d4 Bg7 3. Nc3 a6 4. f4 d6 5. Be3 Nd7 6. Nf3 e6 7. a4 b6 8. Bd3 Ne7 9. 0-0 0-0 10. Qe1 c5 11. Kh1 Bb7 12. Rd1 cxd4 13. Bxd4 e5 14. fxe5 Nc6 15. Be3 Ncxe5 16. Be2 Qc7 17. Qd2 Nxf3 18. Rxf3 Bxc3 19. bxc3 Bxe4 20. Rh3 Qc6 21. Bf1 Nc5 22. Bxc5 dxc5 23. Qh6 g5 24. Rd6 Qxa4 25. Qxg5+ Bg6 26. Rf3 Qxc2 27. h4 f6 28. Rdxf6 Rxf6 29. Bc4+ Rf7 30. Bxf7+ Kg7 31. Qf6+ Kh6 32. h5 Kxh5 33. Rh3+ Kg4 34. Rh4+ 1-0

[Event "Zuerich op-A 30th"]
[Site "Zuerich"]
[Date "2006.12.29"]
[Round "6"]
[White "Troyke, Christian"]
[Black "Lehmann, Marco"]
[Result "0-1"]
[WhiteElo "2390"]
[BlackElo "2219"]
[PlyCount "140"]
[EventDate "2006.12.26"]
[EventType "swiss"]
[EventRounds "7"]
[EventCountry "SUI"]
[SourceTitle "CBM 116 Extra"]
[Source "ChessBase"]
[SourceDate "2007.03.07"]
[SourceVersion "1"]
[SourceVersionDate "2007.03.07"]
[SourceQuality "1"]

1. g3 Nf6 2. Bg2 g6 3. d4 Bg7 4. e4 d6 5. Ne2 0-0 6. 0-0 e5 7. c4 exd4 8. Nxd4 Re8 9. Nc3 Nbd7 10. h3 a6 11. Bf4 Nc5 12. Re1 Nfd7 13. Be3 Ne5 14. Bf1 Bd7 15. f4 Nc6 16. Bg2 Rb8 17. Re2 b5 18. cxb5 Nxd4 19. Bxd4 Bxd4+ 20. Qxd4 Ne6 21. Qd2 axb5 22. b4 c5 23. Qxd6 Nd4 24. Rd2 Bxh3 25. bxc5 Bxg2 26. Qxd4 Bh3 27. Nd5 Re6 28. Kh2 Bg4 29. e5 Kg7 30. Nf6 Qxd4 31. Rxd4 Bf3 32. Rf1 Be2 33. Rf2 Bc4 34. a4 Rc6 35. Rb2 Rxc5 36. Nd7 Rd8 37. Nxc5 Rxd4 38. axb5 Bd5 39. Kg1 Rc4 40. Nd7 Rc3 41. Rd2 Bb7 42. Nf6 Rxg3+ 43. Kh2 Rb3 44. Ne8+ Kf8 45. Nd6 Bf3 46. Rc2 h5 47. Rc8+ Kg7 48. Rc7 Bd5 49. f5 gxf5 50. Nxf5+ Kh7 51. Nd4 Rb4 52. Nf5 Rxb5 53. Nd6 Rb2+ 54. Kg3 Kg6 55. Rc8 Rb3+ 56. Kh2 Be6 57. Rg8+ Kh7 58. Rg2 Rh3+ 59. Kg1 Re3 60. Ne8 Bg4 61. Nf6+ Kh6 62. Nxg4+ hxg4 63. Rxg4 Rxe5 64. Kf2 Kh5 65. Rg7 f6 66. Kf3 f5 67. Rh7+ Kg6 68. Ra7 Rb5 69. Ra8 Kf6 70. Rb8 Rxb8 0-1

[Event "Winterthur op"]
[Site "Winterthur"]
[Date "2006.10.12"]
[Round "7"]
[White "Kamber, Bruno"]
[Black "Lehmann, Marco"]
[Result "1/2-1/2"]
[WhiteElo "2325"]
[BlackElo "2219"]
[PlyCount "57"]
[EventDate "2006.10.06"]
[EventType "swiss"]
[EventRounds "9"]
[EventCountry "SUI"]
[SourceTitle "EXT 2007"]
[Source "ChessBase"]
[SourceDate "2006.11.23"]
[SourceVersion "1"]
[SourceVersionDate "2006.11.23"]
[SourceQuality "1"]

1. e4 c5 2. Nc3 Nc6 3. Nf3 Nf6 4. d4 cxd4 5. Nxd4 e5 6. Ndb5 d6 7. Nd5 Nxd5 8. exd5 Nb8 9. Qd3 a6 10. Qa3 b6 11. c4 Bb7 12. Nc3 Be7 13. Be2 0-0 14. 0-0 f5 15. f4 Nd7 16. Be3 g6 17. Rad1 Re8 18. fxe5 Nxe5 19. Qb3 Nd7 20. Rfe1 Bh4 21. Bd4 Bxe1 22. Rxe1 Nc5 23. Qd1 Qh4 24. Rf1 Re7 25. Bf2 Qf6 26. Bd4 Qh4 27. Bf2 Qf6 28. Bd4 Qh4 29. Bf2 1/2-1/2

[Event "Winterthur op"]
[Site "Winterthur"]
[Date "2006.10.11"]
[Round "6"]
[White "Lehmann, Marco"]
[Black "Schiendorfer, Emanuel"]
[Result "1/2-1/2"]
[WhiteElo "2219"]
[BlackElo "2056"]
[PlyCount "60"]
[EventDate "2006.10.06"]
[EventType "swiss"]
[EventRounds "9"]
[EventCountry "SUI"]
[SourceTitle "EXT 2007"]
[Source "ChessBase"]
[SourceDate "2006.11.23"]
[SourceVersion "1"]
[SourceVersionDate "2006.11.23"]
[SourceQuality "1"]

1. e4 c5 2. Nf3 d6 3. Bb5+ Bd7 4. Bxd7+ Nxd7 5. 0-0 Ngf6 6. Qe2 e6 7. c3 Be7 8. d4 0-0 9. Rd1 Qc7 10. Bg5 Rfe8 11. e5 dxe5 12. dxe5 Nd5 13. c4 Nb4 14. Bf4 Nc6 15. Nc3 a6 16. h4 Bf8 17. Qe4 h6 18. g4 Rad8 19. h5 Nb6 20. b3 Rxd1+ 21. Rxd1 Rd8 22. Rxd8 Qxd8 23. Kg2 Be7 24. Qe3 Nd4 25. Ne4 Qd7 26. Kg3 Nc8 27. Nxd4 cxd4 28. Qd3 Na7 29. Bd2 Nc6 30. f4 a5 1/2-1/2

[Event "SUI-ch HT1"]
[Site "Lenzerheide"]
[Date "2006.07.15"]
[Round "3"]
[White "Lehmann, Marco"]
[Black "Roelli, Sabrina"]
[Result "1-0"]
[WhiteElo "2175"]
[BlackElo "2065"]
[PlyCount "61"]
[EventDate "2006.07.13"]
[EventType "swiss"]
[EventRounds "7"]
[EventCountry "SUI"]
[SourceTitle "CBM 113 Extra"]
[Source "ChessBase"]
[SourceDate "2006.09.14"]
[SourceVersion "1"]
[SourceVersionDate "2006.09.14"]
[SourceQuality "1"]

1. d4 d5 2. Nf3 Nf6 3. g3 e6 4. Bg2 Be7 5. 0-0 0-0 6. c4 c6 7. Qc2 Nbd7 8. b3 b6 9. Bb2 Bb7 10. Nbd2 Rc8 11. e4 dxe4 12. Nxe4 c5 13. Nxf6+ Bxf6 14. Ng5 Bxg5 15. Bxb7 Rc7 16. Be4 f5 17. Bg2 cxd4 18. Bxd4 e5 19. Bb2 e4 20. Rad1 Qe7 21. Rd5 e3 22. Rxf5 Rxf5 23. Qxf5 exf2+ 24. Kh1 Be3 25. Qd5+ Kh8 26. Bd4 Nf6 27. Qa8+ Ne8 28. Bxe3 Qxe3 29. Rxf2 Qe1+ 30. Rf1 Qe7 31. Bc6 1-0

[Event "Wch U14"]
[Site "Belfort"]
[Date "2005.07.27"]
[Round "10"]
[White "Lehmann, Marco"]
[Black "Cordova, Emilio"]
[Result "0-1"]
[WhiteElo "2103"]
[BlackElo "2422"]
[PlyCount "70"]
[EventDate "2005.07.??"]
[EventType "swiss"]
[EventRounds "11"]
[EventCountry "FRA"]
[SourceTitle "CBM 107 Extra"]
[Source "ChessBase"]
[SourceDate "2005.09.01"]
[SourceVersion "1"]
[SourceVersionDate "2005.09.01"]
[SourceQuality "1"]

1. d4 Nf6 2. Nf3 e6 3. g3 b6 4. Bg2 Bb7 5. 0-0 c5 6. c4 cxd4 7. Qxd4 Be7 8. Nc3 0-0 9. Rd1 Nc6 10. Qf4 Bc5 11. e4 e5 12. Qd2 Ng4 13. Rf1 Na5 14. Qe2 Qc8 15. b3 Nc6 16. Bb2 d6 17. h3 Nf6 18. Rfd1 Re8 19. Rac1 Qd7 20. Nd5 Nxd5 21. cxd5 Nb4 22. a3 Ba6 23. Qe1 Nd3 24. Rxd3 Bxd3 25. b4 Bd4 26. Nxd4 exd4 27. Qd2 Bb5 28. Qxd4 f6 29. f4 Rac8 30. Re1 Rc4 31. Qe3 Rc2 32. Bd4 Bc4 33. g4 Bxd5 34. Bxf6 gxf6 35. Qd4 Bb7 0-1

[Event "SUI-ch int"]
[Site "Saas Almagell"]
[Date "2005.07.11"]
[Round "5"]
[White "Staechelin, Ruedi"]
[Black "Lehmann, Marco"]
[Result "1-0"]
[WhiteElo "2178"]
[BlackElo "2103"]
[PlyCount "79"]
[EventDate "2005.07.07"]
[EventType "swiss"]
[EventRounds "9"]
[EventCountry "SUI"]
[SourceTitle "CBM 107 Extra"]
[Source "ChessBase"]
[SourceDate "2005.09.01"]
[SourceVersion "1"]
[SourceVersionDate "2005.09.01"]
[SourceQuality "1"]

1. e4 c5 2. Nf3 Nc6 3. Bb5 g6 4. 0-0 Bg7 5. Re1 Nf6 6. c3 0-0 7. h3 d5 8. e5 Nd7 9. d4 Qb6 10. Bf1 cxd4 11. cxd4 e6 12. Nc3 f6 13. Na4 Qc7 14. exf6 Nxf6 15. Nc3 a6 16. Be3 Bd7 17. Rc1 b5 18. Bd3 Qd6 19. Ne2 Nh5 20. Nh2 Rac8 21. f4 Bh6 22. g3 Nxg3 23. Nxg3 Bxf4 24. Ngf1 Bxh2+ 25. Nxh2 Qg3+ 26. Kh1 e5 27. Bf1 Rf5 28. Qg4 Qxe1 29. Rxe1 Rxf1+ 30. Rxf1 Bxg4 31. Nxg4 exd4 32. Bh6 Ne7 33. Bg5 Nf5 34. Nh6+ Nxh6 35. Bxh6 Rf8 36. Kg2 d3 37. Rf3 d4 38. Rxd3 Rf2+ 39. Kg3 Rxb2 40. Rf3 1-0

[Event "SUI-ch int"]
[Site "Saas Almagell"]
[Date "2005.07.07"]
[Round "1"]
[White "Gallagher, Joseph G"]
[Black "Lehmann, Marco"]
[Result "1-0"]
[WhiteElo "2565"]
[BlackElo "2103"]
[PlyCount "65"]
[EventDate "2005.07.07"]
[EventType "swiss"]
[EventRounds "9"]
[EventCountry "SUI"]
[SourceTitle "CBM 107 Extra"]
[Source "ChessBase"]
[SourceDate "2005.09.01"]
[SourceVersion "1"]
[SourceVersionDate "2005.09.01"]
[SourceQuality "1"]

1. e4 c5 2. Nf3 Nc6 3. Bb5 g6 4. c3 Nf6 5. e5 Nd5 6. 0-0 Bg7 7. d4 cxd4 8. cxd4 0-0 9. Nc3 Nxc3 10. bxc3 d5 11. exd6 Qxd6 12. a4 Rd8 13. Ba3 Qc7 14. Re1 e6 15. Ng5 Ne7 16. Qf3 Nd5 17. c4 Nf6 18. d5 h6 19. dxe6 hxg5 20. exf7+ Qxf7 21. Re7 Qf8 22. Rc7 Rd6 23. c5 Rc6 24. Bxc6 bxc6 25. Qxc6 Bf5 26. Bb2 Rb8 27. Bc3 Rb3 28. Be5 Kh8 29. Re1 Be4 30. Qd6 Qxd6 31. cxd6 Rb8 32. h4 Bf5 33. hxg5 1-0

[Event "Samnaun HT1"]
[Site "Samnaun"]
[Date "2004.07.10"]
[Round "3"]
[White "Lehmann, Marco"]
[Black "Raetsky, Alexander"]
[Result "0-1"]
[WhiteElo "2095"]
[BlackElo "2399"]
[PlyCount "66"]
[EventDate "2004.07.08"]
[EventType "swiss"]
[EventRounds "9"]
[EventCountry "SUI"]
[SourceTitle "EXT 2005"]
[Source "ChessBase"]
[SourceDate "2004.11.15"]
[SourceVersion "1"]
[SourceVersionDate "2004.11.15"]
[SourceQuality "1"]

1. d4 d5 2. Nf3 Nc6 3. g3 Bg4 4. Bg2 Qd7 5. 0-0 0-0-0 6. Nbd2 f6 7. c3 e5 8. b4 e4 9. Ne1 h5 10. f3 exf3 11. exf3 Bf5 12. Nb3 g5 13. a4 Qh7 14. b5 Nb8 15. a5 Bd6 16. b6 axb6 17. axb6 cxb6 18. Nd2 h4 19. g4 h3 20. Bh1 Bg6 21. Rf2 Qc7 22. Nf1 Ne7 23. Ba3 Bxa3 24. Rxa3 Nec6 25. Ng3 Rhe8 26. Nc2 Na5 27. Nb4 Re3 28. Nf5 Bxf5 29. gxf5 Nbc6 30. f4 Nxb4 31. cxb4 Rxa3 32. bxa5 Rc3 33. Rf1 gxf4 0-1

[Event "EU-ch U14"]
[Site "Urgup"]
[Date "2004.07.??"]
[Round "9"]
[White "Lehmann, Marco"]
[Black "Aghayev, Nijat"]
[Result "0-1"]
[WhiteElo "2095"]
[BlackElo "2210"]
[PlyCount "68"]
[EventDate "2004.08.??"]
[EventType "swiss"]
[EventRounds "9"]
[EventCountry "TUR"]
[SourceTitle "EXT 2005"]
[Source "ChessBase"]
[SourceDate "2004.11.15"]
[SourceVersion "1"]
[SourceVersionDate "2004.11.15"]
[SourceQuality "1"]

1. Nf3 g6 2. g3 Bg7 3. Bg2 e5 4. d3 d6 5. 0-0 Ne7 6. c3 0-0 7. e4 h6 8. Qc2 f5 9. Nbd2 f4 10. d4 g5 11. dxe5 dxe5 12. Nc4 Nbc6 13. b4 g4 14. Nfd2 f3 15. Bh1 a6 16. Nb3 b6 17. a4 Be6 18. Ne3 Qe8 19. Ba3 Qf7 20. Nd2 b5 21. Rab1 Nd8 22. Rfd1 Nb7 23. Nb3 Rfd8 24. Nc5 Nxc5 25. bxc5 Rxd1+ 26. Qxd1 Qe8 27. h4 h5 28. axb5 axb5 29. Nc2 Kh7 30. Bc1 Qc6 31. Qd3 Qxc5 32. Be3 Qc4 33. Qd2 Qxe4 34. Rxb5 Ra2 0-1

[Event "EU-ch U14"]
[Site "Urgup"]
[Date "2004.07.??"]
[Round "5"]
[White "Lehmann, Marco"]
[Black "Chirila, Ioan Cristian"]
[Result "0-1"]
[WhiteElo "2095"]
[BlackElo "2195"]
[PlyCount "57"]
[EventDate "2004.08.??"]
[EventType "swiss"]
[EventRounds "9"]
[EventCountry "TUR"]
[SourceTitle "EXT 2005"]
[Source "ChessBase"]
[SourceDate "2004.11.15"]
[SourceVersion "1"]
[SourceVersionDate "2004.11.15"]
[SourceQuality "1"]

1. d4 d5 2. Nf3 e6 3. g3 c6 4. Bg2 Bd6 5. 0-0 Nf6 6. c4 dxc4 7. Qc2 b5 8. e4 Be7 9. a4 Bb7 10. Nbd2 a5 11. e5 Nd5 12. Ne4 Na6 13. Bg5 Nab4 14. Qb1 0-0 15. Bxe7 Qxe7 16. Nfg5 Nd3 17. Qd1 f6 18. exf6 gxf6 19. Nh3 f5 20. Nc5 Nxc5 21. dxc5 b4 22. Re1 Rae8 23. Qd4 Qf6 24. Qxf6 Rxf6 25. Rac1 c3 26. Bxd5 c2 27. Rxc2 cxd5 28. c6 Ba6 29. b3 0-1